Générique Toupou - Paroles - Statistiques

Statistiques générales
  • Ce quiz a été pris 28 fois
  • Le résultat moyen est 12 sur 19
Statistiques - réponses
Paroles % Correct
Toupou {Toupou}
100%
Toupou {Toupou}
93%
C'est la {liberté}
89%
Toupou Toupou {Toupou}
81%
C'est la {liberté}
78%
Toupou {Toupou}
74%
Toupou {Toupou}
70%
Toupou Toupou {Toupou}
70%
Elle n'a jamais {peur}
67%
C'est la vie de {Toupou}
63%
C'est la {liberté}
59%
Dans les arbres {cachée}
59%
Tapie dans le {feuillage}
56%
Dans les arbres {cachée}
52%
Parle aux {oiseaux} de passage
52%
Elle défie les lois de l'{apesanteur}
48%
Elle vit {sauvage}
48%
Et connaît leur {langage}
44%
Et dans sa {jungle} à elle
26%
Aucun quiz correspondant
Distribution des résultats
% des personnes avec chaque résultat
Percentile par nombre de réponses
Votre historique - résultats
Vous n’avez pas pris ce quiz